Sports Quiz

Random Sports Quiz

VFL Teams, Nicknames and Home Grounds Quiz Stats

 Plays Quiz not verified by Sporcle

Challenge
Share
Tweet
Embed
Score 0/39 Timer 12:00
0 Plays Today
% Correct
Magpies
100%
St Kilda
100%
Carlton
88.9%
Collingwood
88.9%
Essendon
88.9%
Fitzroy
88.9%
Footscray
88.9%
Geelong
88.9%
Hawthorn
88.9%
Melbourne
88.9%
North Melbourne
88.9%
Richmond
88.9%
South Melbourne
88.9%
Blues
88.9%
Bombers
88.9%
Lions
88.9%
Bulldogs
88.9%
Cats
88.9%
Hawks
88.9%
Demons
88.9%
% Correct
Kangaroos
88.9%
Tigers
88.9%
Swans
88.9%
Princes Park
88.9%
Victoria Park
88.9%
Windy Hill
88.9%
Brunswick St Oval
88.9%
Whitten Oval
88.9%
Kardinia Park
88.9%
Junction Oval
88.9%
Waverley Park
88.9%
Saints
88.9%
Lake Oval
88.9%
Moorabbin Oval
88.9%
University
88.9%
Students
88.9%
Arden St Oval
77.8%
Punt Rd Oval
77.8%
East Melbourne Cricket Ground
77.8%

You're not logged in!

Compare scores with friends on all Sporcle quizzes.
OR
Log In

You Might Also Like...

Show Comments

Extras

Created May 12, 2017ReportNominate
Tags:ground, home, nickname, stadia, team, vfl

Top Quizzes Today


Score Distribution

Your Account Isn't Verified!

In order to create a playlist on Sporcle, you need to verify the email address you used during registration. Go to your Sporcle Settings to finish the process.

Report this User

Report this user for behavior that violates our Community Guidelines.

Details: